<?xml version="1.0" encoding="UTF-8"?><?xml-stylesheet type="text/xsl" href="static/style.xsl"?><OAI-PMH xmlns="http://www.openarchives.org/OAI/2.0/" xmlns:xsi="http://www.w3.org/2001/XMLSchema-instance" xsi:schemaLocation="http://www.openarchives.org/OAI/2.0/ http://www.openarchives.org/OAI/2.0/OAI-PMH.xsd"><responseDate>2026-04-17T09:34:17Z</responseDate><request verb="GetRecord" identifier="oai:riubu.ubu.es:10259/4841" metadataPrefix="marc">https://riubu.ubu.es/oai/request</request><GetRecord><record><header><identifier>oai:riubu.ubu.es:10259/4841</identifier><datestamp>2021-11-10T09:38:21Z</datestamp><setSpec>com_10259_5786</setSpec><setSpec>com_10259_5086</setSpec><setSpec>com_10259_2604</setSpec><setSpec>col_10259_5787</setSpec></header><metadata><record xmlns="http://www.loc.gov/MARC21/slim" xmlns:doc="http://www.lyncode.com/xoai" xmlns:xsi="http://www.w3.org/2001/XMLSchema-instance" xmlns:dcterms="http://purl.org/dc/terms/" xsi:schemaLocation="http://www.loc.gov/MARC21/slim http://www.loc.gov/standards/marcxml/schema/MARC21slim.xsd">
<leader>00925njm 22002777a 4500</leader>
<datafield tag="042" ind1=" " ind2=" ">
<subfield code="a">dc</subfield>
</datafield>
<datafield tag="720" ind1=" " ind2=" ">
<subfield code="a">Hortigüela Alcalá, David</subfield>
<subfield code="e">author</subfield>
</datafield>
<datafield tag="720" ind1=" " ind2=" ">
<subfield code="a">Hernando Garijo, Alejandra</subfield>
<subfield code="e">author</subfield>
</datafield>
<datafield tag="260" ind1=" " ind2=" ">
<subfield code="c">2017-10</subfield>
</datafield>
<datafield tag="520" ind1=" " ind2=" ">
<subfield code="a">It seems important to consider students’ attitudes towards physical education (PE), and the way they learn&#xd;
sports. The present study examines students’ perceptions of motivation and achievement in PE after experiencing three&#xd;
consecutive sport units. Two hundred and thirty seven students from the 1st, 2nd, 3rd, and 4th grade in a high school&#xd;
in Burgos (Spain) and two teachers agreed to participate. They were divided into two groups in order to compare two&#xd;
instructional approaches. The experimental group (A), 128 students, experienced Teaching Games for Understanding&#xd;
(TGfU), while the control group (B), 109 students, experienced a technical-traditional approach. Each group was taught&#xd;
by a different teacher. The study followed a mixed-method research design with quantitative (questionnaire) and&#xd;
qualitative (interview) data. Results revealed that group A showed greater motivation and achievement in PE than&#xd;
group B. Significant differences were found in achievement. Participants with better academic results in group A were&#xd;
more positive in sport participation. Meanwhile, students who practiced more extracurricular sports in group B were&#xd;
more actively involved in sport. Teachers disagreed greatly on the way sport should be taught in PE.</subfield>
</datafield>
<datafield tag="024" ind2=" " ind1="8">
<subfield code="a">1899-7562</subfield>
</datafield>
<datafield tag="024" ind2=" " ind1="8">
<subfield code="a">http://hdl.handle.net/10259/4841</subfield>
</datafield>
<datafield tag="024" ind2=" " ind1="8">
<subfield code="a">10.1515/hukin-2017-0144</subfield>
</datafield>
<datafield ind1=" " ind2=" " tag="653">
<subfield code="a">methodology</subfield>
</datafield>
<datafield ind1=" " ind2=" " tag="653">
<subfield code="a">motivation</subfield>
</datafield>
<datafield ind1=" " ind2=" " tag="653">
<subfield code="a">perception of achievement</subfield>
</datafield>
<datafield ind1=" " ind2=" " tag="653">
<subfield code="a">teaching models</subfield>
</datafield>
<datafield ind1=" " ind2=" " tag="653">
<subfield code="a">mixed methods</subfield>
</datafield>
<datafield tag="245" ind1="0" ind2="0">
<subfield code="a">Teaching games for understanding: a comprehensive approach to promote student’s motivation in physical education</subfield>
</datafield>
</record></metadata></record></GetRecord></OAI-PMH>